000 00290nam a22001337a 4500
008 170309b xxu||||| |||| 00| 0 eng d
020 _a9780721602400
041 _aeng
080 _211 ED
_a611
100 _a6
101 _aSHM
245 _aMEDICAL PHYSIOLOGY
_cHALL.J.E
942 _2udc
_cBK
999 _c7282
_d7282